| 000 -LEADER |
| fixed length control field |
01923nam a22001577a 4500 |
| 008 - FIXED-LENGTH DATA ELEMENTS--GENERAL INFORMATION |
| fixed length control field |
210630b ||||| |||| 00| 0 eng d |
| 100 ## - MAIN ENTRY--PERSONAL NAME |
| Personal name |
Kowalewska, Helen |
| 245 ## - TITLE STATEMENT |
| Title |
Bringing Women on Board: The Social Policy Implications of Gender Diversity in Top Jobs |
| 260 ## - PUBLICATION, DISTRIBUTION, ETC. (IMPRINT) |
| Place of publication, distribution, etc |
Journal of Social Policy |
| 300 ## - PHYSICAL DESCRIPTION |
| Extent |
49(4), Oct, 2020: p.744-762 |
| 520 ## - SUMMARY, ETC. |
| Summary, etc |
This paper argues that analyses of the gendered character of welfare states should be broadened to include women’s share of board and executive roles, as well as the affirmative-action policies (e.g. gender boardroom quotas) that help to overcome the gender stereotypes (e.g. women are ‘nice’, men are ‘assertive’) and opaque selection procedures at the root of this. Such indicators may seem beyond the remit of social policy analysis, which is concerned foremost with the analysis of ‘social risk’. However, drawing on evidence from across multiple disciplines, this paper argues that achieving a ‘critical mass’ of women in board and executive positions can bring women’s issues onto companies’ agendas and lead to the adoption of female-friendly practices, policies, and cultures at the firm level. Crucially, these practices, policies, and cultures can help to reduce the incidence of gendered social risks (employment/care conflicts, economic dependence on a partner) and sexual harassment among women at lower levels of the labour market. Thus, the paper highlights another dimension to the social-regulatory function of welfare states which has to date been overlooked, namely legislative requirements on companies to achieve gender diversity in their leadership structures. – Reproduced |
| 650 ## - SUBJECT ADDED ENTRY--TOPICAL TERM |
| Topical term or geographic name as entry element |
Occupational welfare, Body rights, Discrimination, Sexual harassment, The regulatory welfare state, women as change agents |
| 9 (RLIN) |
24364 |
| 773 ## - HOST ITEM ENTRY |
| Main entry heading |
Journal of Social Policy |
| 906 ## - LOCAL DATA ELEMENT F, LDF (RLIN) |
| Subject DIP |
OCCUPATIONAL WELFARE |
| 942 ## - ADDED ENTRY ELEMENTS (KOHA) |
| Item type |
Articles |